000
00304nam a2200145Ia 4500
100
_a
Simon/Richard
942
_c
BK
654
_a
computer
245
_a
Common Controls & Messages Book 2
260
_b
Techmedia
_c
1996
082
_a
5.133
_b
SIM
300
_a
958
546
_a
ENGLISH
999
_c
27345
_d
27345